Statistics for Country Names by Similar Words

Click here to take the quiz!

General Stats

  • This quiz has been taken 102 times
  • The average score is 34 of 36

Answer Stats

In wordsCountry% Correct
can+AdaCanada
100%
germ+anyGermany
100%
greaseGreece
100%
I+ranIran
100%
bulge+a+rye+aBulgaria
99%
coal+Om+be+aColombia
99%
hun+GeryHungary
99%
and+or+aAndorra
98%
be+Lear+usBelarus
98%
brass+illBrazil
98%
then+markDenmark
98%
mall+IMali
98%
be+liceBelize
97%
cost+a+Rick+aCosta Rica
97%
check+republicCzech Republic
97%
George+aGeorgia
97%
hey+teaHaiti
97%
hun+door+assHonduras
97%
I+rackIraq
97%
is+Ra+aleIsrael
97%
it+alleyItaly
97%
ma+law+weMalawi
97%
mall+divesMaldives
97%
cam+a+runCameroon
96%
mad+a+gas+carMadagascar
96%
marsh+all+I+landsMarshall Islands
96%
boo+tanBhutan
95%
chatChad
93%
b+rue+nighBrunei
92%
mountain+a+growMontenegro
91%
baa+RhineBahrain
89%
army+nearArmenia
87%
come+or+usComoros
85%
cause+of+ohKosovo
85%
mole+duhMalta
64%
chore+tanJordan
59%

Score Distribution

Percentile by Number Answered

Percent of People with Each Score

Your Score History

You have not taken this quiz